000 01089cam a2200241 4500
001 ABS66351
008 030207n2003 000 0 eng u
035 _a(Sirsi) u121269
100 _aCooke, M.
245 _aModel village
260 _c2003
490 _aInside Housing
_v10 January 2003, 18-20(3)
520 _aReviews the progress of the millennium community or village concept unveiled after Labour's 1997 election victory. They were intended to set the standard for 21st century living and be a model for new communities. Looks in detail at Greenwich Millennium Village which will eventually have 1 400 homes with emphasis on a socially inclusive tenure mix. Social housing tenants are scattered across the whole development rather than ghettoised. It will take some years to see if a real community can be created however.
590 _aABS
650 _aMODEL VILLAGES
650 _aMILLENNIUM COMMUNITIES
650 _aMIXED TENURE
650 _aSOCIAL HOUSING
650 _aTENANTS
650 _aSOCIAL INCLUSION
690 _aHOUSING-DEVELOPMENT
942 _n0
999 _c72075
_d72075